=LDR 00000nam 2200000 4500 =001 INLIS000000000001514 =005 20201216070758 =035 ##$$a 0010-061300000001514 =008 201216################g##########0#ind## =041 ##$$a Ind =082 ##$$a 324 =090 ##$$a 324, Men-m =245 ##$$a Menimbang masa depan orde baru, Efektifkah politik antikemiskinan orde baru : $b Efektifkah politik antikemiskinan orde baru? menyibak aktivitas politik Amirmachmud /$c Mahrus Irsyam =260 ##$$a Bandung :$b Mizan,$c 1998 =300 ##$$a 195 hlm, : $b ilus. ; $c 24 x 15 cm =650 #4$$a Politik =650 #4$$a Proses Politik =700 #$$a Irsyam, Mahrus =850 ##$$a NBPNMAT =020 ##$$a 979-422-155-4 =084 ##$$a 324 MEN m =250 ##$$a cet.1 =990 ##$$a 138.194/Pb.98 =990 ##$$a 138.195/Pb.98 =990 ##$$a 138.196/Pb.98 =990 ##$$a DW99006823 =990 ##$$a DW99006824 =990 ##$$a DW99006825 =990 ##$$a 142.939 pro.99 =990 ##$$a 00051997 =990 ##$$a 142.938 pro.99